|
|
|
|
| LEADER |
01210nam a2200325 a 4500 |
| 001 |
41265 |
| 003 |
BD-DhAAL |
| 008 |
230601t1964 nyua b 001 0 eng d |
| 010 |
|
|
|a 91006533
|
| 020 |
|
|
|a 0156347113 :
|c $8.95
|
| 040 |
|
|
|a DLC
|c DLC
|d DLC
|d BD-DhAAL
|
| 050 |
0 |
0 |
|a HB99.7
|b .K378 1964
|
| 082 |
0 |
0 |
|a 330.156
|
| 100 |
1 |
|
|a Keynes, John Maynard,
|d 1883-1946.
|9 54438
|
| 245 |
1 |
4 |
|a The general theory of employment, interest, and money /
|c John Maynard Keynes.
|
| 250 |
|
|
|a 1st Harvest/HBJ ed.
|
| 260 |
|
|
|a New York :
|b Harcourt, Brace, Jovanovich,
|c 1964 [1991 printing].
|
| 300 |
|
|
|a xii, 403 pages :
|b illustrations ;
|c 21 cm.
|
| 500 |
|
|
|a Originally published: 1953.
|
| 500 |
|
|
|a "A Harvest/HBJ book."
|
| 504 |
|
|
|a Includes bibliographical references and index.
|
| 541 |
|
|
|a Donated By Akbar Ali Khan
|e 41265
|
| 650 |
|
0 |
|a Economics.
|
| 650 |
|
0 |
|a Money.
|
| 650 |
|
0 |
|a Monetary policy.
|
| 650 |
|
0 |
|a Interest.
|
| 852 |
|
|
|a Ayesha Abed Library
|c Akbar Ali Khan Collection
|
| 942 |
|
|
|2 ddc
|c BK
|
| 999 |
|
|
|c 45837
|d 45837
|
| 952 |
|
|
|0 0
|1 0
|2 ddc
|4 0
|6 330_156000000000000_KEY
|7 1
|9 73722
|a BRACUL
|b BRACUL
|c AAKC
|d 2023-06-01
|e Donated By Akbar Ali Khan
|l 0
|o 330.156 KEY
|p 3010041265
|r 2023-06-01
|t 1
|w 2023-06-01
|y BK
|